LEADER 01905nam a2200313 4500 001 000000363164 003 CaOOAMICUS 005 20250715095251.0 008 250613s2006 it 000 u ita r 020 $a88-7125-282-9 040 $aSeMil$bita 245 03$aLo Stato di Milano nel 17. secolo :$bmemoriali e relazioni /$ca cura di Massimo Carlo Giannini e Gianvittorio Signorotto. 264 1$a[Roma] :$bMinistero per i Beni e le Attività culturali, Dipartimento per i Beni archivistici e librari, Direzione Generale per gli Archivi,$c2006. 300 $aCXIV, 326 p. ;$c25 cm 490 1 $aPubblicazioni degli archivi di Stato. Fonti ;$v46. 500 $aIn testa al front.: Politica, fazioni, istituzioni nell'Italia spagnola dall'incoronazione di Carlo 5., (1530), alla pace di Westfalia, (1648) / coordinamento di Elena Fasano Guarini 650 4$aMilano (Ducato) - Fonti.$0(OLS)http://semarc/subject/58175 650 4$aMilano (Ducato) - Storia - Sec. 17.$0(OLS)http://semarc/subject/10593 700 1 $aFasano Guarini, Elena.$0(OLS)http://semarc/name/122421 700 1 $aGiannini, Massimo Carlo,$d<1967- >.$0(OLS)http://semarc/name/87098 700 1 $aSignorotto, Gianvittorio,$d<1953- >.$0(OLS)http://semarc/name/16385 830 0$aPubblicazioni degli archivi di Stato. Fonti ;$v46.$0(OLS)http://semarc/title/454307 850 $aSeMil 852 $aSeMil$W1$xVenegono$y1$m3O IV 103$j259684$B254033$CSeMilBibl$Z2$F254033 $81 961 $aPerego don Stefano - Omaggio 996 $6020$a88-7125-282-9$9(OLS)http://semarc/number/303365 996 $6245$aLo Stato di Milano nel 17. secolo :$bmemoriali e relazioni$9(OLS)http://semarc/title/454305 996 $6264$a[Roma] :$bMinistero per i Beni e le Attività culturali, Dipartimento per i Beni archivistici e librari, Direzione Generale per gli Archivi$9(OLS)http://semarc/publisher/62409 LEADER 01016nam a2200241 i 4500 001 000000090416 003 CaOOAMICUS 005 20151130000000.0 008 151130s1835 xx u000 u fre u 013 $a62658 040 $aSeMil$bita 100 1 $aBarrelle, Joseph-François .$0(OLS)http://semarc/name/40659 245 13$aLa thaumaturge du 19. siecle, ou Sainte Philomème, vièrge et martyre /$c[le p. Joseph-François Barrelle]. 260 $aParis :$bChez Gaume frères,$c1835. 300 $aix, 274 p., [1] c. di tav.; ritr. ;$c15 cm. 500 $aPer l'A., cfr. BNF. 650 4$aFilomena .$0(OLS)http://semarc/subject/16563 850 $aSeMil 852 $aSeMil$W1$xVenegono$y1$m3J I 58 FA$j53384$B53384$CSeMilBibl$Z2$F58017 $8I 941 1 $a10 961 $aRecupero: Mantegazza 996 $6245$aLa thaumaturge du 19. siecle, ou Sainte Philomème, vièrge et martyre$9(OLS)http://semarc/title/136396 996 $6260$aParis :$bChez Gaume frères$9(OLS)http://semarc/publisher/37104